Cyclisme : les champions du monde sur route (1927-2023) - Statistiques

Statistiques générales
  • Ce quiz a été pris 490 fois
  • Le résultat moyen est 40 sur 90
Statistiques - réponses
Années Villes Vainqueurs % Correct
2020 Imola Julian Alaphilippe
97%
2021 Louvain Julian Alaphilippe
97%
2023 Glasgow Mathieu van der Poel
97%
2015 Richmond Peter Sagan
94%
2016 Doha Peter Sagan
94%
2017 Bergen Peter Sagan
94%
2022 Wollongong Remco Evenepoel
92%
1980 Sallanches Bernard Hinault
91%
2018 Innsbruck Alejandro Valverde
89%
1967 Heerlen Eddy Merckx
86%
2019 Harrogate Mads Pedersen
86%
1971 Mendrisio Eddy Merckx
85%
1974 Montréal Eddy Merckx
85%
2012 Valkenburg Philippe Gilbert
79%
2011 Copenhague Mark Cavendish
76%
2013 Florence Rui Faria da Costa
72%
2005 Madrid Tom Boonen
68%
1993 Oslo Lance Armstrong
67%
2009 Mendrisio Cadel Evans
66%
2014 Ponferrada Michal Kwiatkowski
66%
1953 Lugano Fausto Coppi
65%
1983 Altenrhein Greg LeMond
62%
1989 Chambéry Greg LeMond
62%
1999 Vérone Oscar Freire
60%
2001 Lisbonne Oscar Freire
60%
2004 Vérone Oscar Freire
60%
1954 Solingen Louison Bobet
58%
2010 Geelong Thor Hushovd
56%
1997 Saint-Sébastien Laurent Brochard
53%
2006 Salzbourg Paolo Bettini
53%
2007 Stuttgart Paolo Bettini
53%
2002 Zolder Mario Cipollini
52%
1987 Villach Stephen Roche
51%
1994 Agrigente Luc Leblanc
49%
1985 Giavera del Montello Joop Zoetemelk
47%
1973 Montjuich Felice Gimondi
46%
1960 Chemnitz Rik Van Looy
46%
1961 Berne Rik Van Looy
46%
1977 San Cristobal Francesco Moser
45%
1927 Adenau Alfredo Binda
39%
1930 Liège Alfredo Binda
39%
1932 Rome Alfredo Binda
39%
1996 Lugano Johan Museeuw
39%
1951 Varese Ferdi Kübler
38%
2008 Trévise Alessandro Ballan
37%
1991 Stuttgart Gianni Bugno
37%
1992 Benidorm Gianni Bugno
37%
1976 Ostuni Freddy Maertens
36%
1981 Prague Freddy Maertens
36%
1995 Duitama Abraham Olano
35%
1959 Zandvoort André Darrigade
35%
2000 Plouay Romans Vainsteins
33%
1984 Montjuich Claude Criquielion
32%
1949 Copenhague Rik Van Steenbergen
32%
1956 Ballerup Rik Van Steenbergen
32%
1957 Waregem Rik Van Steenbergen
32%
1964 Sallanches Jan Janssen
31%
2003 Hamilton Igor Astarloa
30%
1979 Valkenburg Jan Raas
30%
1962 Salo Jean Stablinski
30%
1965 Saint-Sébastien Tom Simpson
30%
1936 Berne Antonin Magne
29%
1982 Goodwood Giuseppe Saronni
27%
1975 Yvoir Hennie Kuiper
27%
1988 Renaix Maurizio Fondriest
27%
1966 Nürburgring Rudi Altig
27%
1933 Montlhery Georges Speicher
26%
1986 Colorado Springs Moreno Argentin
26%
1998 Valkenburg Oscar Camenzind
25%
1970 Leicester Jean-Pierre Monseré
24%
1955 Frascati Stan Ockers
22%
1990 Utsunomiya Rudy Dhaenens
19%
1958 Reims Ercole Baldini
18%
1928 Budapest Georges Ronsse
18%
1929 Zurich Georges Ronsse
18%
1978 Nürburgring Gerrie Knetemann
18%
1972 Gap Marino Basso
18%
1931 Copenhague Learco Guerra
17%
1948 Valkenburg Briek Schotte
15%
1950 Moorslede Briek Schotte
15%
1968 Imola Vittorio Adorni
15%
1963 Renaix Benoni Beheyt
14%
1935 Floreffe Jean Aerts
14%
1934 Leipzig Karel Kaers
13%
1952 Luxembourg Heinz Muller
12%
1938 Valkenburg Marcel Kint
12%
1947 Reims Theo Middelkamp
12%
1937 Copenhague Eloi Meulenberg
10%
1969 Zolder Harm Ottenbros
10%
1946 Zurich Hans Knecht
8%
Aucun quiz correspondant
Distribution des résultats
% des personnes avec chaque résultat
Percentile par nombre de réponses
Votre historique - résultats
Vous n’avez pas pris ce quiz